| 000 | 01236nam a2200337 c 4500 | ||
|---|---|---|---|
| 700 |
_aПрошкова, Весела Богомилова _d1950- _eпрев. _9365223 |
||
| 999 |
_c84968 _d84968 |
||
| 003 | BLK | ||
| 005 | 20250801084725.0 | ||
| 008 | 180408b bul|||||r ||||||| ||bul|| | ||
| 010 | _aKNG00089563000 | ||
| 020 | _a978-954-389-047-7 | ||
| 040 | _aBLK | ||
| 041 |
_aBUL _cBUL |
||
| 080 |
_aАмериканска литература (на САЩ) _b821.111(73) _x-31 _z821.111(73)-31 |
||
| 100 | 1 |
_aАлън, Сара Адисън _eпърви автор _9281347 |
|
| 139 |
_aАлън, Сара Адисън _bА 59 |
||
| 245 | 1 | 0 |
_aВкусът на мечтите _bРоман _cСара Адисън Алън; прев. Весела Прошкова. |
| 257 | _aUSA | ||
| 260 |
_aСофия _bЕра _c2009 |
||
| 300 |
_a303 с. _c20 см |
||
| 380 | _aX | ||
| 500 | _aОриг. загл. The Sugar Queen / Sarah Addison Allen. - Офс. изд. | ||
| 653 | _aромани | ||
| 852 | _aЦб 244051 | ||
| 856 | 4 | _qpdf | |
| 856 | 4 | _qpdf | |
| 942 |
_cKNG _n0 _030 _s1 |
||
| 944 |
_aCR _c19.05.2009 _lНора Радева _k30545 |
||
| 944 |
_aED _c15.11.2017 _lф / _kВиолета_Тройчева |
||
| 999 | _d84968 | ||